Online
Catalog

Bandidismo : (Record no. 1678)

MARC details
000 -CABECERA
campo de control de longitud fija 01474nam a2200337 a 4500
001 - NÚMERO DE CONTROL
campo de control 000001801
005 - FECHA Y HORA DE LA ÚLTIMA TRANSACCIÓN
campo de control 20240430192052.0
008 - DATOS DE LONGITUD FIJA--INFORMACIÓN GENERAL
campo de control de longitud fija 090629s2008 cu abc 001 0 spa d
020 ## - NÚMERO INTERNACIONAL ESTÁNDAR DEL LIBRO
Número Internacional Estándar del Libro 9789592113213
040 ## - FUENTE DE LA CATALOGACIÓN
Centro catalogador/agencia de origen DO-SdBNP
Lengua de catalogación spa
Centro/agencia transcriptor BNPHU
082 ## - NÚMERO DE LA CLASIFICACIÓN DECIMAL DEWEY
Número de clasificación 327.12
Número de documento/Ítem E837b
100 1# - ENTRADA PRINCIPAL--NOMBRE DE PERSONA
Nombre de persona Etcheverry Vázquez, Pedro,
Fechas asociadas al nombre 1953-
9 (RLIN) 5849
245 14 - MENCIÓN DE TÍTULO
Título Bandidismo :
Resto del título derrota de la CIA en Cuba /
Mención de responsabilidad, etc. Pedro Etcheverry Vázquez, Santiago Gutiérrez Oceguera ; edición Laura Álvarez Cruz.
246 30 - FORMA VARIANTE DE TÍTULO
Título propio/Titulo breve Derrota de la CIA en Cuba
260 ## - PUBLICACIÓN, DISTRIBUCIÓN, ETC.
Lugar de publicación, distribución, etc. La Habana :
Nombre del editor, distribuidor, etc. Capitán San Luis,
Fecha de publicación, distribución, etc. 2008.
300 ## - DESCRIPCIÓN FÍSICA
Extensión 354 p. :
Otras características físicas il., mapa, retrs. ;
Dimensiones 23 cm.
500 ## - NOTA GENERAL
Nota general Bandidismo: la más completa investigación sobre la guerra irregular que la CIA fomentó en Cuba durante los primeros años de la revolución
500 ## - NOTA GENERAL
Nota general Incluye datos biográficos de los autores en la contracubierta
610 24 - PUNTO DE ACCESO ADICIONAL DE MATERIA--NOMBRE DE ENTIDAD CORPORATIVA
Nombre de entidad corporativa o nombre de jurisdicción como elemento de entrada ESTADOS UNIDOS.
Unidad subordinada AGENCIA CENTRAL DE INTELIGENCIA (CIA)
9 (RLIN) 5850
651 #4 - PUNTO DE ACCESO ADICIONAL DE MATERIA--NOMBRE GEOGRÁFICO
Nombre geográfico Estados Unidos
Subdivisión general Relaciones Con Cuba
9 (RLIN) 5832
651 #4 - PUNTO DE ACCESO ADICIONAL DE MATERIA--NOMBRE GEOGRÁFICO
Nombre geográfico Cuba
Subdivisión general Relaciones Con Estados Unidos
9 (RLIN) 5833
650 #4 - PUNTO DE ACCESO ADICIONAL DE MATERIA--TÉRMINO DE MATERIA
Término de materia o nombre geográfico como elemento de entrada Actividades subversivas
Subdivisión geográfica Cuba
9 (RLIN) 5823
650 #0 - PUNTO DE ACCESO ADICIONAL DE MATERIA--TÉRMINO DE MATERIA
Término de materia o nombre geográfico como elemento de entrada Terrorismo
9 (RLIN) 3230
650 #4 - PUNTO DE ACCESO ADICIONAL DE MATERIA--TÉRMINO DE MATERIA
Término de materia o nombre geográfico como elemento de entrada Espionaje
9 (RLIN) 3233
651 #4 - PUNTO DE ACCESO ADICIONAL DE MATERIA--NOMBRE GEOGRÁFICO
Nombre geográfico Cuba
Subdivisión general Historia
Subdivisión cronológica REVOLUCIÓN, 1959
9 (RLIN) 2456
650 #4 - PUNTO DE ACCESO ADICIONAL DE MATERIA--TÉRMINO DE MATERIA
Término de materia o nombre geográfico como elemento de entrada Delito contra la paz
9 (RLIN) 5851
651 #4 - PUNTO DE ACCESO ADICIONAL DE MATERIA--NOMBRE GEOGRÁFICO
Nombre geográfico Cuba
Subdivisión general Historia
-- Relatos Personales
9 (RLIN) 5852
700 1# - PUNTO DE ACCESO ADICIONAL--NOMBRE DE PERSONA
Nombre de persona Gutiérrez Oceguera, Santiago
9 (RLIN) 5853
700 1# - PUNTO DE ACCESO ADICIONAL--NOMBRE DE PERSONA
Nombre de persona Álvarez Cruz, Laura
Fechas asociadas al nombre 1940-
Término indicativo de función/relación ed.
9 (RLIN) 5854
910 ## - DATOS DE OPCIÓN DEL USUARIO (OCLC)
Datos de opción del usuario Validado. Control de calidad. MMOLINA
Holdings
Estado de retiro Estado de pérdida Restricciones de uso No para préstamo Código de colección Localización permanente Ubicación/localización actual Ubicación en estantería Fecha de adquisición Número de inventario Total de préstamos Signatura topográfica completa Código de barras Fecha visto por última vez Precio válido a partir de Tipo de ítem Koha Número de copia
      Excluido de préstamo Monografías: Libros y Folletos General General Depósito 29.06.2009 LF1   327.12 E837b 1801-10 25.06.2020 25.06.2020 No se presta  
      Excluido de préstamo Monografías: Libros y Folletos General General Depósito 29.06.2009 LF1   327.12 E837b 1801-20 25.06.2020 25.06.2020 No se presta e. 2

Powered by Koha